Hottest Temperature Ever Recorded In Every European Country - Statistics

General Stats
  • This quiz has been taken 96 times
    58 since last reset
  • The average score is 10 of 46
Answer Stats
Year of Disaster European Country Recorded Temperature % Correct
1997 Greece 48.0 °C (118.4 °F)
98%
2003 Portugal 47.4 °C (117.3 °F)
69%
2021 Spain 47.4 °C (117.3 °F)
69%
2007 Italy 47.0 °C (116.6 °F)
67%
2019 France 46.0 °C (114.8 °F)
48%
1934 Iceland 30.5 °C (86.9 °F)
45%
1887 Ireland 33.3 °C (91.9 °F)
33%
1901 Bosnia and Herzegovina 46.2 °C (115.2 °F)
29%
2022(TBC) United Kingdom 40.3 °C (104.5 °F)
29%
1973 Albania 43.9 °C (111.0 °F)
26%
1916 Bulgaria 45.2 °C (113.36 °F)
26%
1970 Norway 35.6 °C (96.1 °F)
26%
2010 Finland 37.2 °C (99.0 °F)
24%
1999 Malta 43.8 °C (110.8 °F)
24%
2007 North Macedonia 45.7 °C (114.26 °F)
24%
1981 Croatia 42.8 °C (109.0 °F)
21%
1992 Estonia 35.6 °C (96.1 °F)
21%
2019 Germany 41.2 °C (106.2 °F)
21%
2019 Belgium 41.8 °C (107.2 °F)
19%
1975 Denmark 36.4 °C (97.5 °F)
19%
1951 Romania 44.5 °C (112.1 °F)
19%
2014 Latvia 37.8 °C (100.0 °F)
17%
1904 Lithuania 37.5 °C (99.5 °F)
17%
2007/2012 Montenegro 44.8 °C (112.6 °F)
17%
2010 Russia(in Europe) 45.4 °C (113.72 °F)
17%
2007 Serbia 44.9 °C (112.82 °F)
17%
1933/1947 Sweden 38.0 °C (100.4 °F)
17%
2019 Netherlands 40.7 °C (105.3 °F)
14%
1970 Poland 40.2 °C (104.4 °F)
14%
2010 Ukraine 42.0 °C (107.6 °F)
14%
2010 Belarus 38.9 °C (102.0 °F)
12%
2007 Hungary 41.9 °C (107.4 °F)
12%
2019 Luxembourg 40.8 °C (105.4 °F)
12%
Unspecified Monaco 37.7 °C (99.86 °F)
12%
2013 Slovenia 40.8 °C (105.4 °F)
12%
2003 Switzerland 41.5 °C (106.7 °F)
12%
2003 Liechtenstein 37.4 °C (99.3 °F)
10%
2017 Vatican City 40.7 °C (105.3 °F)
10%
2013 Austria 40.5 °C (104.9 °F)
7%
2012 Czech Republic 40.4 °C (104.7 °F)
7%
2012 Moldova 42.4 °C (108.3 °F)
7%
2007 Slovakia 40.3 °C (104.5 °F)
7%
2019 Andorra 39.4 °C (102.9 °F)
5%
Unspecified Kosovo 39.2°C (102.6 °F)
5%
2017 San Marino 40.3 °C (104.5 °F)
5%
Unspecified Turkey(in Europe) 45.0 °C (113 °F)
2%
No matching quizzes found
Score Distribution
Percent of People with Each Score
Percentile by Number Answered
Your Score History
You have not taken this quiz since the last reset